000 00531nam a2200181Ia 4500
005 20250508160516.0
008 008 250505s9999 xx 000 0 eng d
037 _aTextual
040 _aFEDL
_beng
_cFEDL
041 _aeng
_2eng
084 _a681.142, LEV
_qFEDL
100 _aLevy Joseph
_9141819
245 0 _aPunched card equipment : Principles and applications
260 _aNew York, USA
_bMcGraw-Hill Book Company
_c1967
300 _a161p.
942 _cTEXL
_h681.142, LEV
999 _c1365060
_d1365060